Malvinas y el mar /

Guardado en:
Autor Corporativo: Ministerio de Educación de la Nación.
Formato: Libro
Idioma:Undetermined
Publicado: Buenos Aires : Ministerio de Educación de la Nación, 2022.
Edición:1a ed.
Materias:
Acceso en línea:Clic aquí para acceder al libro en formato digital.
Etiquetas: Agregar Etiqueta
Sin Etiquetas, Sea el primero en etiquetar este registro!
LEADER 02245nam a22002775a 4500
001 CEM.cems020709
008 231129s2022####ag############000#0#und#d
005 20231129151123.0
245 1 0 |a Malvinas y el mar /  |c Ministerio de Educación de la Nación. 
250 |a 1a ed. 
260 |a Buenos Aires :  |b Ministerio de Educación de la Nación,  |c 2022. 
300 |a 128 p. 
505 0 |a Las Malvinas y el Atlántico Sur -- Historia y soberanía desde el mar -- Las Malvinas y los espacios marítimos argentinos -- Las Malvinas en la historia política del Atlántico Sur -- Escenas de hospitalidad en el mar argentino: el diario de María Sáez de Vernet -- Los reclamos del ejercicio pleno de la soberanía -- El Atlántico Sur en el siglo XX -- El mar y la guerra -- Memorias de Malvinas desde el mar -- Breve crónica de la guerra -- El hundimiento del ARA General Belgrano: los lazos solidarios entre rescatistas y sobrevivientes -- Memorias del Belgrano -- La sanidad en el mar durante la guerra y el papel de las veteranas -- El mar como reencuentro con la vida -- La guerra narrada desde el mar en la literatura argentina -- Las islas: imágenes de la Nación -- Las islas y la construcción de la identidad nacional -- Las Malvinas como símbolo nacional: disputas en la historia cultural argentina -- Las Malvinas y la guerra: entre el "país de los cuentos" y el mapa borroneado -- Pensar Malvinas desde las escuelas 
500 |a Incluye actividades para trabajar en el aula. 
500 |a Cuenta con una licencia Creative Commons por lo que se permite la reproducción total o parcial de este libro con expresa mención de sus autores. 
020 |a 9789500015868 
110 2 |a Ministerio de Educación de la Nación. 
653 |a Islas Malvinas-Historia 
653 |a Guerra de Malvinas 
653 |a Malvinas-Enseñanza 
653 |a Material didáctico 
653 |a Malvinas-Soberanía 
856 |u https://www.educ.ar/recursos/158449/malvinas-y-el-mar  |y Clic aquí para acceder al libro en formato digital. 
859 |a CEMS  |b BIB. CEMS - 11 de abril  |h 327.82  |i Ar37-1  |p 29837.23  |t Ej.1 
859 |a CEMS  |b BIB. CEMS - 11 de abril  |h 327.82  |i Ar37-1  |p 29656.23  |t Ej.2 
859 |a CEMS  |b BIB. CEMS - 11 de abril  |h 327.82  |i Ar37-1  |p 29657.23  |t Ej.3